=LDR 00000nam 2200000 4500 =001 INLIS000000000041085 =005 20130612150633 =008 ***********************************Ind** =035 ##$$0010-061300000041085 =041 ##$$a Ind =082 ##$$a 930.105 =090 ##$$a 930.105, Ber b =245 ##$$a Berkala arkeologi nomor 1 bulan mei 2010 =260 ##$$a 2010 $b Yogyakarta =300 ##$$a 104 hlm, 23 cm =650 ##$$a Balai Arkeologi Yogyakarta =850 ##$$a NBPNMAT